00374pab a2200121 454500008004000000100001700040245009600057260000900153300001300162650001900175650001900194773003900213180718b2008 xxu||||| |||| 00| 0 eng d aMartin, Mary aHuman security in the Democratic Republic of Congo: the European Union as a force for good? c2008 ap.89-99. aEuropean union aState security aInternational Politics and Society